| 000 | 00654nam a2200241Ia 4500 | ||
|---|---|---|---|
| 008 | 190123s9999 xx 000 0 und d | ||
| 020 | _a9780531238516 | ||
| 050 | _bM135 2014 | ||
| 100 | _aMacDonald, Fiona | ||
| 245 | 0 | _aYou wouldn't want to be a medieval knight! / | |
| 245 | 0 | _cby Fiona McDonald ; illustrated by David Antram. | |
| 260 | _aNew York, New York : | ||
| 260 | _bScholastic, | ||
| 260 | _c2014 | ||
| 300 | _a32 pages : | ||
| 300 | _bcolored illustrations ; | ||
| 300 | _c24cm. | ||
| 500 | _a910L | ||
| 650 | _aCivilization, Medieval. | ||
| 650 | _aKnight and knighthood. | ||
| 700 | _aAntram, David. | ||
| 700 | _aTitle. | ||
| 999 |
_c361240 _d361240 |
||